000
00276nam a2200109Ia 4500
001
588672
005
20250717120836.0
008
250717s9999 xx 000 0 und d
245
0
_a
Y-2 OSMANLININ HAYALETİ
_c
ERHAN AFYONCU
260
_b
YEDİTEPE YAYINLARI
_c
2020
300
_b
303
999
_c
588672
_d
588672